000 00664nam a2200205Ia 4500
005 20250326144519.0
008 250326s9999 xx 000 0 und d
020 _a978-3-7908-1989-2
037 _aTextbook
040 _aFMSL
_beng
_cFMSL
041 _aeng
_2eng
084 _aX:8 P8
_qFMSL
100 _aHacklin Fredrik
_9749808
245 0 _aManagement of convergence in innovation : strategies and capabilities for value creation beyond blurring industry boundaries
_cHacklin Fredrik
260 _aGermany
_bGermany, Springer
_c2008
300 _axviii,260
365 _b5955.8445000000002
942 _cTB
_hX:8 P8
999 _c1303999
_d1303999